Ley General de Títulos y Operaciones de Crédito. (Registro nro. 437173)
[ vista simple ]
| 000 -LÍDER | |
|---|---|
| Campo fijo de descripción fija | 00753nam a22002057a 4500 |
| 003 - IDENTIFICADOR DEL NÚMERO DE CONTROL | |
| Campo de control | BCEG |
| 005 - FECHA Y HORA DE LA ULTIMA TRANSACCIÓN | |
| control field | 20260409130134.0 |
| 008 - ELEMENTOS DE LONGITUD FIJA -- INFORMACIÓN GENERAL | |
| Campo fijo de descripción fija -- Información general | 260409s1993 mx|||||| |||| 00| 0 spa d |
| 040 ## - FUENTE DE CATALOGACIÓN | |
| Agencia de catalogación original | BCEG |
| Idioma de catalogación | spa |
| Agencia que realiza la transcripción | BCEG |
| 082 04 - CLASIFICACIÓN | |
| Número de clasificación | CLM346.073 |
| Número de cutter | L681g 1993 |
| 245 00 - TÍTULO PROPIAMENTE DICHO | |
| Título | Ley General de Títulos y Operaciones de Crédito. |
| 260 ## - PUBLICACIÓN, DISTRIBUCIÓN, ETC. (PIE DE IMPRENTA) | |
| Lugar de publicación, distribución, etc. | México : |
| Nombre del editor, distribuidor, etc. | PAC, |
| Fecha de publicación, distribución, etc. | 1993. |
| 300 ## - DESCRIPCIÓN FÍSICA | |
| Extensión | 88 p. |
| 500 ## - NOTA GENERAL | |
| Nota General | Material donado por el Círculo Leonés Mutualista. |
| 506 ## - NOTA DE RESTRICCIONES DE ACCESO | |
| Términos que controlan el acceso | Para uso exclusivo en sala de Fondos Especiales; Requiere autorización para reproducción. |
| Autorización | Reglamento de la Sala de Fondos Especiales. |
| 535 ## - NOTA DE UBICACIÓN DE ORIGINALES | |
| Custodio | Disponible en la colección Círculo Leonés Mutualista. |
| 541 ## - NOTA DE FUENTE INMEDIATA DE ADQUISICIÓN | |
| Nota de fuente de adquisición | Donación. |
| 650 14 - ASIENTO SECUNDARIO DE MATERIA - TERMINO TEMÁTICO | |
| Término temático o nombre geográfico como elemento de entrada | Crédito |
| Subdivisión general | Leyes y legislación |
| Subdivisión geográfica | México. |
| 942 ## - TIPO DE MATERIAL (KOHA) | |
| Tipo de Item KOHA | Libro |
| No para Préstamo | Colección | Biblioteca de Origen | Biblioteca Permanente | Fecha de Adquisición | Total de Préstamos | Signatura Topográfica | Código de Barras | Última vez visto | Tipo de Material |
|---|---|---|---|---|---|---|---|---|---|
| Material en Reserva | Fondos Especiales | Biblioteca Central Estatal de Guanajuato, "Wigberto Jiménez Moreno" | Biblioteca Central Estatal de Guanajuato, "Wigberto Jiménez Moreno" | 09/04/2026 | CLM346.073 L681g 1993 | BCEG8655207807 | 09/04/2026 | Libro |